000
00328pam a2200157a 44500
008
230515b1934 xxu||||| |||| 00| 0 eng d
020
_a
NULL
041
_a
HINDI
082
_a
1
100
_a
KIJAWADEKAR
245
_a
SUBHNTPRKARAN
250
_a
1
260
_a
NA
_b
N.D.
_c
1934
300
_a
100
650
_a
SUBHNTPRKARAN
999
_c
496961
_d
496961